Kallakadathukalam/ (Record no. 181586)

000 -LEADER
fixed length control field 00417nam a2200169 4500
020 ## - INTERNATIONAL STANDARD BOOK NUMBER
ISBN 9789370984875
082 ## - DEWEY DECIMAL CLASSIFICATION NUMBER
Classification number M803
Item number VIN/K
100 ## - MAIN ENTRY--AUTHOR NAME
Personal name Vinoy Thomas
245 ## - TITLE STATEMENT
Title Kallakadathukalam/
Statement of responsibility, etc by Vinoy Thomas
260 ## - PUBLICATION, DISTRIBUTION, ETC. (IMPRINT)
Place of publication Kottayam:
Name of publisher D C Books,
Year of publication 2025.
300 ## - PHYSICAL DESCRIPTION
Number of Pages 126p.
650 ## - SUBJECT ADDED ENTRY--TOPICAL TERM
Topical Term Memoirs Vinoy Thomas
650 ## - SUBJECT ADDED ENTRY--TOPICAL TERM
Topical Term Memoirs Malayalam
650 ## - SUBJECT ADDED ENTRY--TOPICAL TERM
Topical Term Literature Malayalam
650 ## - SUBJECT ADDED ENTRY--TOPICAL TERM
Topical Term Literature
942 ## - ADDED ENTRY ELEMENTS (KOHA)
Koha item type Book
Holdings
Withdrawn status Lost status Damaged status Not for loan Permanent Location Current Location Shelving location Date acquired Cost, normal purchase price Full call number Accession Number Price effective from Koha item type
        Sree Sankaracharya University of Sanskrit Sree Sankaracharya University of Sanskrit Stacks 18.05.2026 180.00 M803 VIN/K 108582 18.05.2026 Book